Sports Quiz

Random Sports Quiz

Hartlepool United Cup Goalscorers (2000s) Quiz Stats

 Plays Quiz not verified by Sporcle

Challenge
Share
Tweet
Embed
Score 0/118 Timer 10:00
0 Plays Today
Match Answer % Correct
Burton Albion (A) - FA CupJoel Porter
90%
Hull City (H) - LDV TrophyJoel Porter
90%
Hull City (H) - LDV Trophy (Penalty Shoot-Out)Joel Porter
90%
Lincoln City (H) - FA CupJoel Porter
90%
Burnley (A) - League CupJoel Porter
90%
Lincoln City (A) - JP TrophyJoel Porter
90%
Lincoln City (A) - JP TrophyJoel Porter
90%
Lincoln City (A) - JP TrophyJoel Porter
90%
Gainsborough Trinity (A) - FA CupJoel Porter
90%
Scunthorpe United (H) - League CupJoel Porter
90%
West Bromwich Albion (H) - League CupJoel Porter
90%
Leeds United (A) - League CupJoel Porter
90%
Brighton and Hove Albion (H) - FA CupJoel Porter
90%
Fleetwood Town (A) - FA CupJoel Porter
90%
Oldham Athletic (A) - LDV Trophy (Penalty Shoot-Out)Adam Boyd
86.7%
Macclesfield Town (H) - League CupAdam Boyd
86.7%
Hull City (H) - LDV Trophy (Penalty Shoot-Out)Adam Boyd
86.7%
Oldham Athletic (A) - LDV TrophyAdam Boyd
86.7%
Aldershot Town (H) - FA CupAdam Boyd
86.7%
Aldershot Town (H) - FA CupAdam Boyd
86.7%
Boston United (A) - FA CupAdam Boyd
86.7%
Coventry City (A) - League Cup Adam Boyd
86.7%
Burnley (H) - League CupAdam Boyd
86.7%
Tranmere Rovers (H) - League CupEifion Williams
83.3%
Oldham Athletic (A) - LDV TrophyEifion Williams
83.3%
Crystal Palace (A) - League CupEifion Williams
83.3%
Lincoln City (H) - FA CupEifion Williams
83.3%
Leeds United (A) - League CupAndy Monkhouse
83.3%
Brighton and Hove Albion (A) - FA CupAndy Monkhouse
83.3%
Doncaster Rovers (H) - LDV TrophyMark Tinkler
80%
Oldham Athletic (A) - LDV Trophy (Penalty Shoot-Out)Mark Tinkler
80%
Whitby Town (H) - FA CupRitchie Humphreys
80%
Aldershot Town (H) - FA CupMark Tinkler
80%
Dagenham and Redbridge (H) - FA CupMichael Nelson
80%
Rotherham United (H) - JP TrophyRitchie Humphreys
80%
Rochdale (H) - FA Cup (Penalty Shoot-Out)Ritchie Humphreys
80%
Stoke City (H) - FA CupMichael Nelson
80%
Hull City (A) - League Cup (Penalty Shoot-Out)David Foley
76.7%
Rotherham United (H) - JP TrophyDavid Foley
76.7%
Scunthorpe United (A) - League CupDavid Foley
76.7%
Match Answer % Correct
Scunthorpe United (A) - League CupDavid Foley
76.7%
Chesterfield (A) - JP TrophyDavid Foley
76.7%
Scunthorpe United (H) - League CupDavid Foley
76.7%
West Bromwich Albion (H) - League CupDavid Foley
76.7%
Stoke City (H) - FA CupDavid Foley
76.7%
Aldershot Town (H) - FA CupChris Westwood
73.3%
Aldershot Town (H) - FA CupChris Westwood
73.3%
Rochdale (A) - FA CupJames Brown
73.3%
Chesterfield (A) - JP TrophyJames Brown
73.3%
Chesterfield (A) - JP TrophyJames Brown
73.3%
Gainsborough Trinity (A) - FA CupJames Brown
73.3%
Scunthorpe United (H) - League CupJames Brown
73.3%
Brighton and Hove Albion (A) - FA CupJames Brown
73.3%
Southend United (A) - FA CupMicky Barron
70%
Macclesfield Town (H) - League CupAntony Sweeney
70%
Carlisle United (A) - LDV TrophyAntony Sweeney
70%
Darlington (H) - League CupJon Daly
70%
Charlton Athletic (A) - League CupJon Daly
70%
Rochdale (H) - FA Cup (Penalty Shoot-Out)Jon Daly
70%
Gainsborough Trinity (A) - FA CupRichie Barker
70%
Gainsborough Trinity (A) - FA CupRichie Barker
70%
Morecambe (H) - JP TrophyRichie Barker
70%
Morecambe (H) - JP Trophy (Penalty Shoot-Out)Richie Barker
70%
West Bromwich Albion (H) - League CupRichie Barker
70%
Scunthorpe United (H) - LDV TrophyKevin Henderson
66.7%
Sheffield Wednesday (A) - League Cup (Penalty Shoot-Out)Kevin Henderson
66.7%
Preston North End (A) - AW ShieldTommy Miller
63.3%
Carlisle United (H) - AW ShieldGraeme Lee
63.3%
Burnley (A) - League CupTommy Miller
63.3%
Burnley (H) - League CupTommy Miller
63.3%
Scunthorpe United (H) - LDV TrophyTommy Miller
63.3%
Doncaster Rovers (H) - LDV TrophyTommy Miller
63.3%
Doncaster Rovers (H) - LDV TrophyIan Clark
60%
Sheffield Wednesday (A) - League CupPaul Robinson
60%
Sheffield Wednesday (A) - League Cup (Penalty Shoot-Out)Paul Robinson
60%
Sheffield Wednesday (A) - League Cup (Penalty Shoot-Out)Matty Robson
60%
Sheffield Wednesday (A) - League Cup (Penalty Shoot-Out)Gavin Strachan
60%
West Bromwich Albion (H) - League CupPaul Robinson
60%
Oldham Athletic (A) - LDV Trophy (Penalty Shoot-Out)Mark Robinson
60%
Whitby Town (H) - FA CupJohn Brackstone
60%
Match Answer % Correct
Hull City (H) - LDV TrophyGavin Strachan
60%
Hull City (H) - LDV Trophy (Penalty Shoot-Out)Gavin Strachan
60%
Hull City (H) - LDV Trophy (Penalty Shoot-Out)John Brackstone
60%
Lincoln City (H) - FA CupMatty Robson
60%
Hull City (A) - League Cup (Penalty Shoot-Out)John Brackstone
60%
Rochdale (H) - FA Cup (Penalty Shoot-Out)Ben Clark
60%
Burnley (H) - League CupPaul Stephenson
56.7%
Swindon Town (A) - FA CupDarrell Clarke
56.7%
Sheffield Wednesday (A) - League CupSteven Istead
56.7%
Oldham Athletic (A) - LDV TrophyDarrell Clarke
56.7%
Oldham Athletic (A) - LDV TrophyDarrell Clarke
56.7%
Dagenham and Redbridge (H) - FA CupThomas Butler
56.7%
Preston North End (A) - AW ShieldCraig Midgley
53.3%
Scunthorpe United (A) - FA CupCraig Midgley
53.3%
Darlington (H) - League CupMichael Proctor
53.3%
Darlington (H) - League CupMichael Proctor
53.3%
Rotherham United (H) - JP TrophyLee Bullock
53.3%
Doncaster Rovers (H) - JP TrophyGary Liddle
53.3%
Lincoln City (A) - JP TrophyMichael Mackay
53.3%
Gainsborough Trinity (A) - FA CupGary Liddle
53.3%
Brighton and Hove Albion (H) - FA CupGary Liddle
53.3%
Fleetwood Town (A) - FA CupMichael Mackay
53.3%
Fleetwood Town (A) - FA CupMichael Mackay
53.3%
Scunthorpe United (H) - LDV TrophyPaul Arnison
50%
Whitby Town (H) - FA CupMarco Gabbiadini
50%
Whitby Town (H) - FA CupMarco Gabbiadini
50%
Rochdale (H) - FA Cup (Penalty Shoot-Out)Willie Boland
50%
Southend United (H) - FA CupMarcus Richardson
46.7%
Hull City (H) - LDV TrophyAlan Pouton
40%
Tamworth (H) - FA CupChris Llewellyn
40%
Sheffield Wednesday (A) - League CupIan Moore
40%
Lincoln City (A) - JP TrophyIan Moore
40%
Gainsborough Trinity (A) - FA CupIan Moore
40%
Sheffield Wednesday (A) - League Cup (Penalty Shoot-Out)Andy Jordan
36.7%
Morecambe (H) - JP Trophy (Penalty Shoot-Out)Jamie McCunnie
36.7%
Burnley (H) - League CupLee Fitzpatrick
26.7%
Macclesfield Town (A) - FA Cup(og) Carl Regan
10%
Brighton and Hove Albion (A) - FA Cup(og) Colin Hawkins
10%

You're not logged in!

Compare scores with friends on all Sporcle quizzes.
OR
Log In

You Might Also Like...

Show Comments

Extras

Created Oct 13, 2014ReportNominate
Tags:2000, cup, date, Goal Scorers, united

Top Quizzes Today


Score Distribution

Your Account Isn't Verified!

In order to create a playlist on Sporcle, you need to verify the email address you used during registration. Go to your Sporcle Settings to finish the process.

Report this User

Report this user for behavior that violates our Community Guidelines.

Details: